Statistics for Internet Country Codes of Europe

Click here to take the quiz!

General Stats

  • This quiz has been taken 106 times
  • The average score is 36 of 50

Answer Stats

Internet CodeCountry% Correct
.czCzech Republic
94%
.fiFinland
92%
.frFrance
92%
.beBelgium
91%
.deGermany
91%
.itItaly
91%
.ruRussia
88%
.cyCyprus
87%
.nlNetherlands
87%
.alAlbania
86%
.skSlovakia
86%
.plPoland
84%
.esSpain
84%
.ieIreland
83%
.lvLatvia
83%
.azAzerbaijan
82%
.eeEstonia
82%
.huHungary
82%
.isIceland
82%
.noNorway
81%
.grGreece
79%
.ltLithuania
79%
.gbUnited Kingdom
79%
.kzKazakhstan
77%
.roRomania
75%
.amArmenia
74%
.dkDenmark
74%
.bgBulgaria
73%
.vaVatican City
70%
.ptPortugal
69%
.luLuxembourg
68%
.hrCroatia
65%
.mkMacedonia
60%
.byBelarus
58%
.chSwitzerland
58%
.liLiechtenstein
57%
.mcMonaco
57%
.seSweden
57%
.atAustria
56%
.adAndorra
55%
.smSan Marino
55%
.mtMalta
53%
.rsSerbia
53%
.trTurkey
53%
.baBosnia and Herzegovina
52%
.geGeorgia
52%
.mdMoldova
49%
.meMontenegro
49%
.uaUkraine
48%
.siSlovenia
42%

Score Distribution

Percentile by Number Answered

Percent of People with Each Score

Your Score History

You have not taken this quiz